000 00480nam a2200169Ia 4500
008 240729s9999 xx 000 0 und d
022 _a2056-3299
245 0 _aConcussion
260 _aUnited Kingdom
260 _bFuture Medicine Ltd
650 _a Internal medicine
650 _a Medical emergencies. Critical care. Intensive care. First aid
650 _aMedicine
856 _uhttps://doaj.org/toc/12096e6e42ff4441ab8578f02c3f8e7c
942 _2ddc
942 _cDOAJEJ
999 _c74857
_d74857
945 _a1
_bMadushi Gamage
_c1
_dMadushi Gamage